000
00344cam a2200169 4500
001
D12174
008
090401t1952 xxu||||| |||| 00| 0 eng d
035
_a
(Sirsi) u1622
041
_a
eng
100
_a
Bomford, G.
245
_a
Geodesy
260
_b
OUP
_c
1952
350
_a
0
520
_a
Shelf 113
942
_n
0
948
_c
04/03/1997
999
_c
85686
_d
85686